Metody a základní formy risk managementu
Uplatňovanie risk managementu (rizikového manažérstva či tiež rizikového inžinierstva) vo firmách, ktorého účelom je poznať zdroje príčin možných strát a urobiť opatrenia, aby pravdepodobnosť ich vzniku bola obmedzená na minimum. Nevyhnutnosť systematickej analýzy rizikových faktorov. Identifikácia...
Gespeichert in:
| 1. Verfasser: | |
|---|---|
| Format: | Buchkapitel |
| Sprache: | Tschechisch |
| Schlagworte: | |
| Tags: |
Keine Tags, Fügen Sie das erste Tag hinzu!
|
MARC
| LEADER | 00000naa a2200000 4500 | ||
|---|---|---|---|
| 001 | r024556 | ||
| 005 | 20221205080213.7 | ||
| 041 | 0 | |a cze | |
| 044 | |a CZ | ||
| 245 | 1 | 0 | |a Metody a základní formy risk managementu |c Jiří Janata |
| 520 | |a Uplatňovanie risk managementu (rizikového manažérstva či tiež rizikového inžinierstva) vo firmách, ktorého účelom je poznať zdroje príčin možných strát a urobiť opatrenia, aby pravdepodobnosť ich vzniku bola obmedzená na minimum. Nevyhnutnosť systematickej analýzy rizikových faktorov. Identifikácia rizika. Vytváranie koncepcie smerujúcej k obmedzeniu účinkov nebezpečia. Dôležité odvetvia risk managementu. Riadenie rizika. Zodpovednostné riziko. Objasnenie základných pojmov a popis činností, ktoré patria do oblasti risk managementu. | ||
| 610 | 2 | 0 | |a manažment |
| 610 | 2 | 0 | |a riziko |
| 610 | 2 | 0 | |a risk management |
| 610 | 2 | 0 | |a pojmy |
| 610 | 2 | 0 | |a zodpovednosť organizácie |
| 610 | 2 | 0 | |a škody |
| 100 | 1 | |a Janata, Jiří | |